000 00870cam a2200193 4500
008 031127n2003 000 0 eng u
035 _a(Sirsi) u124500
245 _aFarm landscapes
260 _c2003
490 _aScottish Executive Press Release
_v 27 November, (2)
520 _aRural development minister, Ross Finnie, reveals that improvements in the cereal and livestock sector have led to a forecast 34% rise in total farm income. Incomes remain low in historical terms but the increase in the figures mean that Scottish farmers are continuing to recover from recent problems. For the Scottish Executive News Release: http://www.scotland.gov.uk/pages/news/2003/11/SEEN715.aspx
590 _aWB
650 _aFARMING
650 _aFARMING INDUSTRY
650 _aFARMLAND
650 _aSCOTLAND
690 _aRURAL-AGRICULTURE AND FORESTRY
942 _n0
999 _c73879
_d73879